• 首页
  • 本馆介绍
  • 公告通知
  • 最新文献
  • 馆藏检索
  • 电子资源
  • 读者导购
  • 参考咨询
  • 我的图书馆
  • 登录
  • 详细信息显示
  • 放入我的书架
  • 预约/预借图书
  • 作者相关作品
  • 分类相关作品
  • 丛书相关作品
  • 出版社相关作品

书目信息

  • 表格格式
  • 工作单格式
  • 卡片格式
题名:
论语言发声
    
 
作者: 孔江平 著
分册:  
出版信息: 北京   中央民族大学出版社  2001
页数: 353页
开本: 20cm
丛书名: 中国少数民族语言研究系列丛书
单 册:
中图分类: H018.1
科图分类:
主题词: 发声法--研究
电子资源:
ISBN: 7-81056-590-7
000 00631nam0 2200217 45
001 0312081671
005 20031219104122.6
010    @a7-81056-590-7@dCNY30.00
100    @a20031208d2001 km y0chiy0120 ea
101 0  @achi
105    @a z 000yy
200 1  @a论语言发声@ALun Yu Yan Fa Sheng@f孔江平著@FKong Jiang Ping Zhu
210    @a北京@c中央民族大学出版社@d2001
215    @a353页@d20cm
225    @a中国少数民族语言研究系列丛书
410    @12001 @a中国少数民族语言研究系列丛书
606 0  @a发声法@x研究
690    @aH018.1@v4
701  0 @a孔江平@4著
801    @aCN@bTSTC@c20031208
905    @b329541-548@dH018.1@e56@f8
    
    论语言发声/孔江平著.-北京:中央民族大学出版社,2001
    353页;20cm.-(中国少数民族语言研究系列丛书)
    
    
    ISBN 7-81056-590-7:CNY30.00
    
●
相关链接 在E读中查询图书 在五车中查询图书 在当当中查询图书 在豆瓣中查询图书


正题名:论语言发声     索取号:H018.1/56         预约/预借

序号 登录号 条形码 馆藏地/架位号 状态 备注
1 0329541   203295415   第四借阅区/ [索取号:H018.1/56] 在馆    
2 0329542   203295424   第四借阅区/ [索取号:H018.1/56] 在馆    
3 0329543   203295433   第四借阅区/ [索取号:H018.1/56] 在馆    
4 0329544   203295442   第四借阅区/ [索取号:H018.1/56] 在馆    
5 0329545   203295451   第四借阅区/ [索取号:H018.1/56] 在馆    
6 0329546   203295460   第四借阅区/ [索取号:H018.1/56] 在馆    
7 0329547   203295479   第四借阅区/ [索取号:H018.1/56] 在馆    
8 0329548   203295488   第二样本阅览室/ [索取号:H018.1/56] 在馆    
唐山师范学院图书馆 欢迎您!
大连网信软件有限公司© 版权所有